000 00547nmm a2200169Ia 4500
008 251105s9999||||xx |||||||||||||||||und||
020 _a9788480214186
041 _aspa
100 _aRodríguez Moya, María Inmaculada
245 0 _aLa mirada del virrey : iconografía del poder en la Nueva España
264 _a[Madrid, España] :
_bUniversitat Jaume I,
_c2003
300 _a230 páginas
490 _aAmèrica
650 _aHistory of the Americas: Latin America
856 _uhttps://public.digitaliapublishing.com/a/17248
942 _cCF
999 _c85649
_d85649